Technologiký projekt pracoviska pre hrubé orezávanie PÚ náliatkov, linky na automatizovanú výrobu kapilárneho dializátora : Diplomová práca
Guardado en:
| Autor principal: | |
|---|---|
| Otros Autores: | |
| Formato: | Manuscrito Libro |
| Lenguaje: | eslovaco |
| Publicado: |
Trnava :
SVŠT v Bratislave StF KOOSaM,
1990
|
| Materias: | |
| Etiquetas: |
Sin Etiquetas, Sea el primero en etiquetar este registro!
|
MARC
| LEADER | 00000ntm a22000003a 4500 | ||
|---|---|---|---|
| 001 | stu92660 | ||
| 005 | 20160719162626.8 | ||
| 008 | 050131s1990----cs------------------slo-d | ||
| 040 | |a STU |b slo | ||
| 041 | 0 | |a slo | |
| 044 | |a cs | ||
| 100 | 1 | |a Levársky, Pavel |4 aut | |
| 245 | 1 | |a Technologiký projekt pracoviska pre hrubé orezávanie PÚ náliatkov, linky na automatizovanú výrobu kapilárneho dializátora : |b Diplomová práca | |
| 260 | |a Trnava : |b SVŠT v Bratislave StF KOOSaM, |c 1990 | ||
| 300 | |a 63 s |c príl | ||
| 650 | 7 | |a Strojárska technológia-obrábanie |2 stusub | |
| 700 | 1 | |a Fabuš, Michal |4 xxx | |
| 996 | |b 284M043308 |c M*DP-2858 |l MMSKP |s P |a 0 |w stu92660_0001 | ||